[Event "Donner Memorial"]
[Site "Amsterdam"]
[Date "1995.??.??"]
[Round "6"]
[White "Shirov, Alexei"]
[Black "Piket, Jeroen"]
[Result "1-0"]
[WhiteElo "2695"]
[BlackElo "2625"]
[Annotator "Shirov,A"]
[PlyCount "71"]
[EventDate "1995.08.??"]
[EventType "tourn"]
[EventRounds "11"]
[EventCountry "NED"]
[EventCategory "16"]
[SourceTitle "CBM 049"]
[Source "ChessBase"]
[SourceDate "1995.12.01"]
[SourceVersion "1"]
[SourceVersionDate "1995.12.01"]
[SourceQuality "1"]

1. d4 d5 2. c4 c6 3. Nc3 Nf6 4. Nf3 e6 5. Bg5 Nbd7 6. e3 Qa5 7. cxd5 Nxd5 8.
Qd2 Bb4 9. Rc1 h6 10. Bh4 O-O 11. Bd3 Re8 $5 {N (11...e5)} 12. a3 Bxc3 13. bxc3
Qxa3 14. O-O e5 (14... Qf8 $5) 15. Nxe5 $1 (15. dxe5 $6 Qc5 {with the idea 16..
.a5, 17...a4.}) 15... Nxe5 16. dxe5 Qc5 $5 (16... Rxe5 17. e4 Nb6 18. f4 $44 {
with the idea 19 f5.}) 17. Kh1 Be6 (17... Rxe5 18. e4 Rh5 $6 19. Bg3 Nf6 20.
Rce1 $1 $16) 18. e4 Nb6 19. f4 Bc4 20. Rf3 $1 Bxd3 21. Rxd3 Qc4 $6 (21... Kh7
$14) 22. Re1 Kh7 23. Rh3 Re6 $2 (23... Qc5 $8 24. Bg5 $1 Kg8 (24... Nc4 25. Qd7
$1 Qf2 26. Rg1 Kg8 27. Bxh6 gxh6 28. Qg4+ Kf8 29. Rxh6 $18) (24... Qf8 25. Rf1
$1 (25. f5 $2 Nc4 26. Qf4 Nxe5 27. f6 Re6 28. Rf1 (28. fxg7 Qxg7 29. Bxh6 Rxh6
30. Rxh6+ Qxh6 31. Qxe5 Rg8 $1 $13) 28... Rae8 $13 29. fxg7 $140 Qxg7 30. Bf6
Qg6 31. Rg3 Rxf6 32. Qxf6 Qxf6 33. Rxf6 a5 $44) 25... Kg8 (25... Re6 26. f5
Rxe5 27. f6 $18) 26. Qe2 $1 Re6 (26... hxg5 27. Qh5 f6 28. fxg5 Rxe5 29. Qh7+
Kf7 30. Rxf6+ $18) 27. f5 Rxe5 28. Bf4 Ra5 29. f6 g5 30. Bd6 Qxd6 31. Rxh6 $18)
25. Bxh6 gxh6 26. f5 $1 Qf8 27. Rxh6 Rxe5 28. Rh5 $1 (28. Qg5+ $6 Qg7 29. Qh4
Nd5 $1 $13) 28... f6 29. Qa2+ Nd5 (29... Qf7 $2 30. Rh8+ Kg7 31. Rh7+ $18) (
29... Kg7 $2 30. Re3 $18) 30. Re3 $1 $16 {with the idea} Kf7 31. Rh7+ Ke8 32.
Reh3 Rxe4 (32... Nf4 33. R3h4 Rd8 34. h3 Rxe4 35. Rh8 $18) 33. Qb1 Nxc3 34.
Rxc3 Re7 35. Rch3 $18) 24. Bf6 $1 $18 gxf6 25. f5 fxe5 $8 26. fxe6 Qxe6 27. Rf1
Nc4 (27... Rf8 28. Rf5 Kg7 (28... Nc4 29. Qf2 Kg7 30. Rg3+ Kh7 31. Rf6 $18) 29.
Rxe5 Nc4 30. Rg3+ Kh7 31. Rxe6 Nxd2 32. Re7 a5 33. Rd3 Nb3 34. Rf3 Nc5 35. Rf5
b6 36. Rfxf7+ Rxf7 37. Rxf7+ Kg8 38. Rc7 Nxe4 39. Rxc6 b5 40. c4 b4 41. Ra6 $18
) 28. Rxh6+ Qxh6 29. Rxf7+ Kg6 30. Rf6+ Kxf6 31. Qxh6+ Ke7 32. Qg7+ Kd6 33.
Qxb7 (33. Qf6+ Kc5 34. Qe7+ $18) 33... Nb6 34. h4 Kc5 35. h5 a5 36. h6 1-0

[Event "EU-ch 2nd"]
[Site "Ohrid"]
[Date "2001.06.13"]
[Round "12"]
[White "Sturua, Zurab"]
[Black "Acs, Peter"]
[Result "1-0"]
[WhiteElo "2600"]
[BlackElo "2509"]
[Annotator "Tsesarsky,I"]
[PlyCount "77"]
[EventDate "2001.06.01"]
[EventType "swiss"]
[EventRounds "13"]
[EventCountry "YUG"]
[SourceTitle "CBM 084"]
[Source "ChessBase"]
[SourceDate "2001.09.13"]
[SourceVersion "1"]
[SourceVersionDate "2001.09.13"]
[SourceQuality "1"]

1. d4 d5 2. c4 c6 3. Nf3 Nf6 4. Nc3 e6 5. Bg5 Nbd7 6. e3 Qa5 7. Nd2 Bb4 8. Qc2
O-O 9. Be2 e5 10. O-O exd4 11. Nb3 Qc7 ({Reliable also} 11... Qb6 $5 12. exd4
dxc4 13. Bxc4 a5 (13... Qc7 {-see commented game 1-0 Komarov,D-Smagin,S/
Amantea 1994/EXT 2000[Komarov,D] (31)}) 14. a4 Qc7 15. Nd2 h6 16. Bh4 Qf4 $132
{1/2-1/2 Kishnev,S-Smagin,S/Germany 1999/GER-chT2 (52)}) 12. exd4 (12. Nxd4
dxc4 (12... Bxc3 13. bxc3 dxc4 (13... Ne4 14. Bf4 Qa5 (14... Ne5 15. cxd5 cxd5
16. c4 $16 {1-0 Lauber,A-Heinlein,R/Hamburg 1995/EXT 97 (30)}) 15. cxd5 cxd5
16. c4 $14 {1-0 Letelier Martner,R-Sanguinetti,R/Mar del Plata 1945/EXT 99 (27)
}) 14. Bxc4 Qe5 {-see commented game 1-0 Arencibia,W-Acs,P/Varadero 2000/CBM
77[Tsesarsky,I] (56)}) (12... Bd6 13. cxd5 (13. h3 dxc4 (13... h6 14. Bxf6 Nxf6
15. cxd5 Nxd5 16. Nxd5 cxd5 17. Qb3 Be6 18. Bf3 Rfd8 19. Nxe6 fxe6 20. e4 $16 {
1-0 Engqvist,T-Tykesson,S/Stockholm 1994/EXT 2000 (42)}) 14. Bxc4 h6 15. Bh4
Be5 16. Nf5 Kh8 17. f4 Bd6 18. Rad1 $14 {1-0 Elsness,F-David,E/Gausdal 1997/
EXT 99 (36)}) 13... cxd5 14. Ndb5 Bxh2+ 15. Kh1 Qb8 16. f4 Bg3 17. Rf3 $16 {
1-0 Lange,W-Steger,J/Bad Pyrmont 1949/EXT 2001 (37)}) 13. Bf4 (13. Bxc4 {
-mainline}) 13... Ne5 (13... Qa5 14. Bxc4 Bxc3 15. bxc3 Nb6 16. Nb3 Qh5 17. Be2
Bg4 18. f3 Be6 $132 {...(58). 1/2-1/2 Fuhrmann,D-Pramann,A/Germany 1996/EXT 99
(51)}) (13... Qd8 14. a3 Bc5 15. Rad1 Nd5 16. Nxd5 cxd5 17. Nb5 Nb6 18. b4 Be7
19. Nc7 $14 {0-1 Martinez Martin,D-Borgo,G/Toscolano 1997/EXT 2000 (46)}) 14.
Rfd1 $132 {0-1 Romanovsky,P-Bogoljubow,E/Leningrad 1924/HCL (44)}) (12. Bf4 Bd6
13. Bxd6 Qxd6 14. Nxd4 dxc4 $132 (14... Nb6 $6 15. cxd5 Nbxd5 16. Rfd1 $14 {
1-0 Gruenfeld,E-Winter,W/Scarborough 1930/HCL (64)})) 12... dxc4 13. Bxc4 Ng4 {
Black equalized.} ({Strong also is} 13... Bd6 14. h3 Bf4 15. Bh4 Nd5 16. Qe4
N7f6 17. Qf3 Nb6 18. Bd3 Nfd5 19. Rae1 Be6 $132 {0-1 Suhl,D-Beckemeier,W/
Germany 1998/EXT 99 (39)}) 14. g3 $8 h6 15. Bd2 Nb6 16. Be2 (16. Bd3 $132)
16... Qd8 17. Rad1 Nf6 18. Bc1 Nbd5 {We can see standard position with
isolated blockaded Pd4, position is equal, but the struggle is not finished
yet...} 19. Bf3 Re8 20. a3 Bf8 21. Nc5 Nxc3 22. Qxc3 Qb6 23. Rfe1 Bg4 {[%csl
Rd4] Black changes one more pair of pieces and maybe will put pressure on the
isolated Pd4...} 24. Bxg4 Nxg4 25. Nd7 $1 Qc7 $6 $14 {Badly!} ({Right was} 
25... Qb5 $1 26. Nxf8 Qh5 (26... Rxe1+ 27. Rxe1 Rxf8 28. d5 Qxd5 29. h3 Nf6 30.
Bxh6 Qh5 31. Be3 Qxh3 32. Bxa7 $11) 27. h4 $8 Rxf8 28. Qc5 Qg6 29. d5 $1 Qh5
$11 {[%cal Gg4e5]}) 26. Nxf8 Rxe1+ 27. Rxe1 Rxf8 28. d5 $1 {White gets rir
from isolated P and creates a weakness in the Black camp.} Qd6 ({Dubious is} 
28... c5 $6 29. h3 Nf6 30. Bxh6 Qd6 31. Bg5 (31. Be3 b6 32. Bg5 Nxd5 33. Qe5
Qxe5 34. Rxe5 Nc7 35. Re7 Ne6 36. Be3 Rd8 $1 $11) 31... Nxd5 32. Qe5 Qc6 (32...
Qxe5 33. Rxe5 $16) 33. Rd1 Nb6 34. Be3 Rc8 35. Qg5 $1 (35. Rd6 Qc7 36. b3 Nd7
37. Qd5 Nb6 38. Qd2 $14) 35... Nd7 36. b4 {[%cal Ge3d4,Gd1c1]} Re8 (36... cxb4
37. Rc1 $18) 37. Qd5 $16) 29. dxc6 bxc6 30. Bf4 Qd5 $2 $16 {Black just
overlooks White's reply, probably in time pressure.} ({Why not} 30... Qf6 31.
Rc1 Rc8 32. b4 g5 $1 (32... Qxc3 $6 33. Rxc3 Nf6 34. Rc5 g5 35. Be3 Nd5 36. Bd4
Rd8 37. Be5 (37. Rxc6 Nxb4 38. Rc4 Nc6 $11) 37... f6 38. Bb2 Rd6 39. Ra5 Rd7
40. Ra6 $16) 33. Qxf6 Nxf6 34. Be3 a6 $14) 31. h3 {[%csl Rg4]} Nf6 32. Bxh6 {
[%csl Rf6]} Rb8 $2 $18 ({Much better was} 32... Qh5 33. Be3 Qxh3 34. Qxc6 Rc8 (
34... Ng4 35. Bxa7 $18) 35. Qf3 a6 $16 {Of course, White has good chances to
win this position.}) 33. Bc1 Rb3 34. Qe5 Qd3 (34... Qd7 35. Kh2 a6 36. Re2 $18)
35. Qe2 Qf5 (35... a5 36. Bf4 $18 {[%cal Gf4e5]}) 36. Kg2 Qd5+ 37. Kh2 Rf3 38.
Be3 Qf5 $6 (38... Rf5 39. Rd1 $18) 39. Kg2 {[%csl Rf3]} 1-0

[Event "CRO-ch 6th"]
[Site "Pula"]
[Date "1998.01.19"]
[Round "10"]
[White "Franic, Milan"]
[Black "Nikolac, Juraj"]
[Result "1-0"]
[WhiteElo "2430"]
[BlackElo "2435"]
[Annotator "Tsesarsky,I"]
[PlyCount "81"]
[EventDate "1998.01.09"]
[EventType "tourn"]
[EventRounds "13"]
[EventCountry "CRO"]
[EventCategory "9"]
[SourceTitle "CBM 064"]
[Source "ChessBase"]
[SourceDate "1998.06.02"]
[SourceVersion "1"]
[SourceVersionDate "1998.06.02"]
[SourceQuality "1"]

1. d4 {Hecht} d5 2. c4 e6 3. Nc3 Nf6 4. Bg5 Nbd7 5. e3 c6 6. Nf3 Qa5 7. cxd5
Nxd5 8. Qd2 Bb4 9. Rc1 O-O 10. Bd3 Re8 (10... e5 11. O-O exd4 (11... h6 12. Bh4
exd4 13. exd4 Re8 (13... N7b6 14. Bb1 Nxc3 15. bxc3 Ba3 16. Rce1 Qh5 17. Bg3
$14 {0-1 Vshivkov,K-Kozlov,O/4th stage Russia Cup, Perm RUS 1997 (40)}) 14. a3
Bxc3 15. bxc3 Nf8 16. Ne5 Be6 17. f4 f6 18. Nc4 Qd8 19. f5 $14 {1-0 Guliev,
S-Shabanov,Y/Moscow1 1995 (36)}) 12. exd4 N7b6 (12... f6 13. Bh4 Rd8 14. a3 (
14. Qc2 Nf8 15. Bg3 Bg4 16. Nxd5 {1-0 Defize,A-Nauts,P/Huy op 1991} Rxd5 (16...
cxd5 17. Bc7 $18) 17. Bc4 Bxf3 18. gxf3 Ne6 19. a3 Bf8 20. Rfd1 $18) 14... Bxc3
15. bxc3 Nf8 16. Bg3 Be6 17. Rfe1 Bf7 18. c4 Qxd2 19. Nxd2 Nb6 20. Nb3 Na4 21.
Bf1 $14 {1-0 Kasparov,G-Smyslov,V/Vilnius cf 1984 (41)}) (12... N7f6 13. Rfe1
Qd8 14. Bb1 Be6 15. Ne5 Be7 16. a3 Nxc3 17. Qxc3 Qd5 18. Nf3 Rfe8 $11 {1/2-1/2
Vaganian,R-Libeau,R/BL 1995 (47)}) 13. a3 Bd6 14. Qc2 h6 15. Ne4 $5 Bf4 16.
Bxf4 Nxf4 $132 {Schmidt,W-Khechen,N/Thessaloniki olm 1984/1/2-1/2 (45)}) (10...
f5 11. O-O h6 12. Bh4 N7f6 13. a3 Bxc3 14. bxc3 Ne4 15. Bxe4 fxe4 16. Ne5 (16.
c4 Qxa3 17. Ra1 Qb3 18. Ne5 Qc3 (18... Nc3 19. Rfc1 Na4 20. Be7 $18) 19. Rfd1
Qxd2 20. Rxd2 Nf6 21. Ng6 Rd8 22. Rda2 a6 23. c5 Kh7 24. Ne5 g5 25. Bg3 Rd5 26.
Nc4 Nd7 27. Nd6 $16) 16... Qxa3 17. c4 Nf6 18. c5 Qb3 19. f3 g5 20. fxe4 gxh4
21. Rb1 Nxe4 22. Qe2 Qd5 (22... Rxf1+ 23. Rxf1 Ng5 24. Qf2 Bd7 25. Nxd7 $16)
23. Rxf8+ Kxf8 24. Qh5 Ke7 25. Qxh4+ Ng5 26. Qxh6 {1-0 Kveinis,A-Banasik,H/
Katowice op 1990}) (10... h6 11. Bh4 (11. Bf4 Nxf4 12. exf4 Nf6 13. O-O c5 14.
dxc5 Bxc5 15. a3 Be7 16. Ne5 Rd8 17. Qe2 g6 18. Rcd1 Qc7 19. Bb1 Bd7 20. Rd3
Be8 21. Rg3 Bf8 22. Ba2 Bg7 $132 {1/2-1/2 Hillarp Persson,T-Vera,R/32nd ol,
Yerevan ARM 1996 (28)}) 11... e5 12. a3 $5 (12. O-O exd4 13. exd4 Re8 14. Bb1 (
14. Rfe1 Rxe1+ 15. Rxe1 N7f6 $1 $15) 14... Nf8 15. Ne5 Be6 16. Rfe1 c5 $1 $15 {
0-1 Oll,L-Smagin,S/Kobenhavn 1993 (44)}) 12... Bxc3 13. bxc3 Re8 (13... Qxa3
14. Nxe5 Nxe5 15. dxe5 Re8 16. O-O Rxe5 17. e4 $44) 14. c4 Qxd2+ 15. Nxd2 Ne7
$1 (15... Nc7 $2 16. O-O exd4 (16... Ne6 17. Rfe1 b6 18. Bf5 exd4 19. exd4 Bb7
20. Ne4 $16 {0-1 Beliavsky,A-Oll,L/NLD-chT 1995 (44)}) 17. exd4 Ne6 18. Rfe1 $1
$16) 16. O-O exd4 17. exd4 Nf8 18. Rfe1 Bf5 $1 (18... Ne6 19. Bxe7 Rxe7 20. d5
Rd7 21. Bf5 cxd5 22. Rxe6 $1 fxe6 23. Bxe6+ $16) 19. Bf1 $11 {1/2-1/2
Beliavsky,A-Oll,L/Polanica Rubinstein mem 1996 (28)} (19. Rxe7 Bxd3 20. Rxb7
Ne6 $1 $146)) 11. O-O (11. e4 Nxc3 12. bxc3 Ba3 13. Rb1 e5 14. O-O Qc7 15. Bh4
Bd6 16. Rfe1 c5 17. Bb5 exd4 18. cxd4 Bf4 $132 {1/2-1/2 Vark,L-Frenklakh,J/
World Junior (Girls), Zagan POL 1997 (35)}) 11... e5 12. Qc2 h6 13. Bh4 Nxc3 (
13... exd4 14. exd4 (14. Nxd5 Qxd5 15. exd4 Qxa2 $17 (15... Nb6 $10)) 14...
N7b6 15. Ne5 Be6 16. Bh7+ Kh8 17. Bf5 Kg8 18. Bh7+ Kh8 19. Bf5 Kg8 {1/2-1/2
Piket,J-Ivanchuk,V/Amber(Blindfold-2) 1993}) 14. bxc3 Bd6 $132 15. Bg3 Qc7 16.
e4 exd4 (16... c5 17. Bc4 b6 (17... exd4 18. cxd4 Bxg3 19. fxg3 $14) 18. Qb3
Rf8 19. Nh4 $1 $14) 17. cxd4 Bxg3 18. hxg3 (18. fxg3 $6 Nf6 $15) 18... Nf6 19.
Rfe1 (19. d5 $5 Bd7 (19... Bg4 20. d6 Qd8 21. e5 Nd7 22. Nh2 Nxe5 23. Bh7+ Kh8
24. f4 Be2 25. fxe5 Bxf1 26. Rxf1 Rxe5 27. Rxf7 Qxd6 28. Nf3 Re7 29. Rxe7 Qxe7
30. Nh4 $16 Qe1+ 31. Kh2 Qa1 32. Bf5 Qf6 33. Ng6+ Kh7 34. Bc8 $1 b6 35. Nf4+
Kh8 36. Be6 h5 (36... g5 37. Nh5 $18) 37. Qxc6 $16) 20. Rfe1 (20. d6 Qxd6 21.
e5 Rxe5 22. Nxe5 Qxe5 23. Rfe1 $44) 20... Rad8 21. d6 Qa5 22. e5 Ng4 $132)
19... Qe7 20. Qc3 (20. Qc5 Qxc5 21. Rxc5 Be6 22. Rb1 Re7 23. a4 Rd8 $132) 20...
Be6 21. Bb1 Rad8 22. Ne5 Qd6 (22... Ng4 23. Nxg4 (23. f4 Nxe5 24. dxe5 Bg4 25.
Re3 c5 $15) 23... Bxg4 24. f3 Be6 25. Red1 Qd6 26. Kh2 $132) 23. Rcd1 Nd7 24.
Nd3 (24. Nxd7 $11) (24. Nf3 Bg4 $132) 24... Nf8 (24... b6 25. e5 Qd5 26. Nf4
Qc4 27. Rc1 Qxc3 28. Rxc3 Nf8 29. Rd1 (29. Rxc6 Rxd4 30. Rc7 Rd7 31. Nxe6 Rxe6
32. Rxd7 Nxd7 33. f4 Nc5 34. Rd1 Kf8 $132) 29... c5 30. d5 Bg4 31. f3 Bc8 32.
Re3 $132) 25. Nf4 Bg4 26. f3 Be6 (26... Bc8 $132) 27. Kh2 f6 (27... b6 $132)
28. e5 (28. d5 cxd5 29. Nxd5 Qb8 $11) 28... fxe5 29. dxe5 (29. Nxe6 Nxe6 30.
Rxe5 Qxe5 31. dxe5 Rxd1 32. Bg6 Re7 33. f4 Rdd7 34. f5 Nf8 35. f6 Nxg6 36. fxe7
Rxe7 37. e6 b6 (37... Nf8 38. Qb4 Rxe6 39. Qxb7 $16) 38. Qxc6 Nf8 $15) 29...
Qxd1 (29... Qe7 30. Rxd8 Rxd8 31. Nxe6 Nxe6 32. Qc2 Nf8 33. f4 $14) 30. Rxd1
Rxd1 31. Bc2 (31. Bd3 Bf7 $132) (31. Nxe6 Rxb1 32. Nc5 Ne6 33. Ne4 Rd1 34. f4
Rd7 35. Nd6 $14) 31... Rd7 32. Nxe6 Nxe6 33. Bg6 Ree7 (33... Red8 34. Qb3 Re7
35. Qa3 c5 36. Qxa7 Nf8 37. Bc2 Rxe5 38. Qxb7 $14) 34. Qc4 (34. f4 Nd4 $132)
34... Rd5 $6 (34... Rd4 35. Qc3 (35. Qe2 Rd5 36. f4 Nd4 37. Qh5 c5 $132) 35...
Rdd7 36. Qc4 Rd4 $11) 35. f4 $14 Kf8 (35... Nc5 $5) 36. f5 Nc5 $2 (36... Nd4
37. f6 (37. e6 b5 38. Qf1 Rb7 39. f6 Nxe6 40. Qe2 Rd6 41. Qe5 Rbd7 42. fxg7+
Nxg7 43. Qf4+ Kg8 44. Qxh6 Nf5 45. Qg5 Rg7 $17) 37... gxf6 38. exf6 Re6 (38...
Red7 39. Qb4+ R7d6 (39... c5 40. Qe1 $18) 40. Be4 Rh5+ 41. Kg1 c5 42. Qxb7 Rxf6
43. Qb8+ Kg7 44. Bd3 Rg5 45. Qxa7+ Rf7 $14) 39. Qb4+ Rdd6 40. Qxb7 Rxf6 41. Bh5
Rd5 42. Qb8+ Ke7 43. Qxa7+ Kd6 44. Bf7 Ne6 45. a4 $14) 37. f6 Rexe5 38. Qf4 $8
Rh5+ (38... h5 39. fxg7+ Kxg7 40. Qf7+ Kh6 41. Bc2 Ne4 42. Qf4+ Kg7 (42... Ng5
43. Qf6#) 43. Bxe4 $18) 39. Bxh5 Rxh5+ 40. Kg1 {[#] Hecht Materially it's not
going badly for Black, but his pieces, including his king, are endangered. For
that reason, he should allow an endgame with queen versus rook, although even
with the poor white pawn structure, this will eventually be lost. [#] Hecht:
Materiell geht es Schwarz nicht schlecht, doch stehen seine Steine
einschließlich König gefährdet. Deshalb sollte er sich auf das Endspiel Dame
gegen Turm einlassen, wobei dies trotz der wenigen und schlecht strukturierten
weißen Bauern auf Dauer verloren sein wird. [#] Materiell geht es Schwarz
nicht schlecht, doch stehen seine Steine einschließlich König gefährdet.
Deshalb sollte er sich auf das Endspiel Dame gegen Turm einlassen, wobei dies
trotz der wenigen und schlecht strukturierten weißen Bauern auf Dauer verloren
sein wird.} Ne6 $4 $18 (40... Kf7 $1 41. fxg7+ (41. g4 Rd5 $11) 41... Kxg7 42.
Qd4+ (42. Qc7+ Kf6 (42... Kg6 43. Qd6+ Kf7 (43... Kg7 44. Qe7+ Kg6 45. Qe8+ Kg5
46. Qf7 $22 $18) 44. g4 Rd5 45. Qxh6 Ne6 46. Qh7+ Ng7 47. Qb1 b6 48. Qc2 c5 49.
Qa4 Rd6 50. Qxa7+ $18) 43. Qd8+ Kf7 (43... Kg7 44. Qe7+ $18) 44. Qd6 Rg5 45.
Qxh6 Ne6 46. Kf2 Rf5+ 47. Ke3 Re5+ 48. Kf3 Rf5+ 49. Kg4 Rg5+ 50. Kh4 c5 51. g4
b6 52. a4 Rg7 53. Qh5+ Ke7 54. Qd5 Rh7+ 55. Kg3 Rg7 $14) 42... Kh7 43. Qf6 Rd5
44. Qf7+ Kh8 45. g4 Rg5 46. a4 a5 (46... a6 47. a5 Rd5 48. Qg6 Nd7 49. Qxh6+
Kg8 50. Qe6+ Kg7 51. g5 $18) 47. Qc7 $16 Kg8 48. Qxa5 Kf7 49. Qc7+ Kf6 50. Qd8+
Kf7 51. Qd6 Kg7 52. Qe7+ Kg6 53. Kf2 Rd5 54. a5 $16) (40... Rg5 $142 {Hecht}
41. Qd6+ Kg8 42. Qd8+ Kh7 43. Qe7 {[%cal Rf6f7]} Rg6 44. Qxc5 Rxf6 45. Qxa7 b5
46. g4 $18 {Gewinnplan: Durchsetzen von g4-g5 und Tausch des vorderen g-Bauern
sowie Nachrücken des Hintermannes bis nach g5. Danach gibt es Zugzwangmotive.})
41. Qd6+ (41. Qd6+ {Hecht} Kf7 42. Qe7+ Kg6 43. Qxe6 gxf6 44. Qg8+ Kf5 45. g4+)
1-0